00891nam a22002297a 4500003000900000005001700009007000300026008004100029040002500070082000700095100003400102245013700136260004300273300002100316500006300337500007300400590002600473910001500499942001400514952011600528999001700644DO-SdBNP20221110145639.0ta221110b2006 dr ||||| |||| 00| 0 spa d aDO-SdBNPbspacBNPHU 42221 aHinkelammert, Franz J.98279613aEl grito del sujeto :bdel teatro-mundo del evangelio de san juan al excluyente-mundo de la globalización /cFranz J. Hinkelammert aSanto Domingo :bEdiciones MSC,c2006. a278 p. ;c22 cm. aIncluye datos biográficos del autor en la contracubierta aIncluye referencias bibliográficas y notas al pie de las páginas aInventariado, 2022/BT aBtavárez 2ddccLBS1 00102ddc51708PDaBNPHUbBNPHUcCTd2022-11-10eDepósito Legall0p2022-5208r2022-11-10w2022-11-10yLBS1 c52887d52887